000 00998pam a2200313 a 4500
001 2961050
003 OSt
005 20140310184245.0
008 910730s1992 maua j 000 1 eng
010 _a 91030817
020 _a0590463624
040 _aDLC
_cDLC
_dDLC
042 _alcac
050 0 0 _aPZ 7
_b.C458Ret 1993
100 1 _aChristopher, Matt.
_96155
245 1 0 _aReturn of the home run kid /
_cby Matt Christopher ; illustrated by Paul Casale.
250 _a1st ed.
260 _aBoston :
_bLittle, Brown,
_cc1993.
300 _a168 p. :
_bill. ;
_c19 cm.
521 _aG5
526 _c740
650 1 _aBaseball
_xFiction.
_927703
700 1 _aCasale, Paul,
_eill.
_927704
906 _a7
_bcbc
_corignew
_d1
_eocip
_f19
_gy-gencatlg
942 _2lcc
_cBK-SCHOLAS
999 _c33319
_d33319